| 000 | 00587nam a2200181 4500 | ||
|---|---|---|---|
| 001 | 137825 | ||
| 003 | ES-MaACL | ||
| 007 | t| | ||
| 008 | 070214s1945 sp r ||||1| spa d | ||
| 100 | 1 |
_aSalminen, Sally. _9101998 |
|
| 245 | 1 | 0 |
_aKatrina _b: novela / _cde Sally Salminen ; [traducción del sueco Francisco Torres Ferrer y L. Vegas López]. |
| 250 | _a3ª ed. | ||
| 260 |
_aBarcelona : _bEd. del Zodiaco, _c1945. |
||
| 300 |
_a462 p., 1 lám. ; _c20 cm. |
||
| 700 | 1 |
_aTorres Ferrer, Francisco. _9110956 |
|
| 700 | 1 |
_aVegas López, L. _9113647 |
|
| 852 |
_aES-MaACL _jE-277 _bR.27140 |
||
| 999 |
_c137825 _d137825 |
||